MARC

LEADER 00000nam0a2200000 4500
001 355390
005 20231102010805.0
035 |a (RuTPU)RU\TPU\retro\12649 
090 |a 355390 
100 |a 20200707d1972 m y0rusy50 ca 
101 0 |a rus 
102 |a RU 
105 |a a j 001zy 
200 1 |a Газоперекачивающие агрегаты и обслуживание компрессорных станций  |e учебное пособие  |f А. П. Мороз, И. И. Мальцуров, К. Г. Арустамов и др.  |g под ред. В. П. Шуваловой, М. Г. Нехлина, Ю. Н. Овсянникова 
210 |a Москва  |c Недра  |d 1979 
215 |a 229 с.  |c ил. 
320 |a Библиогр.: с. 224 
606 1 |a Газоперекачивающие агрегаты  |x Эксплуатация  |2 stltpush  |3 (RuTPU)RU\TPU\subj\5009  |9 33181 
610 1 |a учебные пособия 
610 1 |a газотурбинные приводы 
610 1 |a газовые турбины 
610 1 |a ремонт 
610 1 |a обслуживание 
610 1 |a компрессорные станции 
610 1 |a электроприводы 
675 |a 622.691.4.05(075)  |v 4 
701 1 |a Мороз  |b А. П. 
701 1 |a Мальцуров  |b И. И. 
701 1 |a Арустамов  |b К. Г. 
701 1 |a Коротков  |b В. И. 
701 1 |a Грунтфест  |b М. И. 
701 1 |a Дятлов  |b В. А. 
701 1 |a Глезер  |b Б. И. 
701 1 |a Смерека  |b Б. М. 
701 1 |a Хорунжин  |b В. В. 
702 1 |a Шувалова  |b В. П.  |4 340 
702 1 |a Нехлин  |b М. Г.  |4 340 
702 1 |a Овсянников  |b Ю. Н.  |4 340 
801 1 |a RU  |b 63413507  |c 20200707 
801 2 |a RU  |b 63413507  |c 20210405  |g RCR 
942 |c BK